| Поле | Инд. | ПП | Название | Значение |
|---|---|---|---|---|
| Тип записи | a | |||
| Библиографический уровень | b | |||
| 001 | Контрольный номер | 3d58a3e17ca34d1494a530608f9731a9 | ||
| 005 | Дата корректировки | 20220405162141.6 | ||
| 024 | 80 | a | Стандартный номер | DOI: 10.1088/1361-6471/ab37a6 |
| 040 | a | Служба первич. каталог. | Web of Science | |
| 041 | 0_ | a | Код языка текста | rus |
| 097 | a | Костяева О.Г. | ||
| 100 | 1_ | a | Автор | Urazbekov B. A. |
| j | Принадлежность неизвестного автора к последователям, ученикам, сторонникам, школе и т. д. | государственный университет "Дубна" | ||
| 100 | 1_ | q | Полное имя | Деникин Андрей Сергеевич |
| g | Прочие сведения | РИНЦ AuthorID: 35943 (http://elibrary.ru/author_profile.asp?id=35943); Scopus Author ID: 6506472689 (https://www.scopus.com/authid/detail.uri?origin=resultslist&authorId=6506472689&zone=); ORCID ID: http://orcid.org/0000-0002-1913-3693 | ||
| u | Дополнение | Деникин А. С.; Denikin A. S. | ||
| a | Автор | Denikin A. S. | ||
| i | 000091244 | |||
| c | Титул (звания) | кандидат физико-математических наук | ||
| j | Принадлежность неизвестного автора к последователям, ученикам, сторонникам, школе и т. д. | государственный университет "Дубна" | ||
| k | Ректорат | |||
| 100 | 1_ | a | Автор | Lukyanov S. M. |
| 100 | 1_ | a | Автор | Itaco N. |
| 100 | 1_ | a | Автор | Janseitov D. M. |
| 245 | 10 | a | Заглавие | Clusterization and strong coupled-channels effects in deuteron interaction with Be-9 nuclei |
| 513 | a | передано на оплату | ||
| b | III квартал 2019 года | |||
| 773 | 18 | t | Название источника | Journal of Physics G: Nuclear and Particle Physics |
| d | Место и дата издания | 2019 | ||
| b | Сведения об издании | Institute of Physics and IOP Publishing Ltd. | ||
| c | ENGLAND | |||
| m | Специф. данные | входит в Scopus;входит в WoS;Входит в ядро РИНЦ;зарубежный журнал;ненулевой импакт-фактор | ||
| p | J. Phys. G-Nucl. Part. Phys. | |||
| o | Прочие индексы | wos 2.899, scopus 1.97, ринц - | ||
| x | ISSN | 0954-3899 | ||
| q | Q1 | |||
| g | Прочая информация | V. 45. - № 10. - P. 105110 | ||
| w | Контрольный № источника | ef8e195b47054011a70e823af1bdce48 | ||
| 901 | t | Тип документа | b | |
| 952 | c | Вид литературы | статья в журнале |